00270nam a2200121Ia 4500008004100000082001600041100001600057245002300073250000800096260002800104300000800132650000800140191201s2007 xx 000 0 und d a658.15bBAF aBANKS, Erik 0aFinance: The Basic a1st aLondanbRoutledgec2007 a249 aBBA